00571 2200169 4500001002100000005001500021035002000036008003900056245018200095100001600277260004600293084001300339082000700352650001200359990001500371990001500386INLIS00000000000389020260429093044 a0010-1224000061260429 | | | 1 aEfektivitas Pola Komunikasi Interpersonal Tenaga Kesejahteraan Sosial Kecamatan (TKSK) Terhadap Pemerlu Pelayanan Kesejahteraan Sosial (PKS) di Kecamatan Basarang /cTamli Husna aTamli Husna aPalangka Raya :bPerpustakaan UMPR,c2022 a12 TAM e a12 4aSKRIPSI a1812019834 a1812019834